The theory of economic integration /

Bibliographic Details
Main Author: Balassa, Bela A.
Format: Book
Language:English
Published: London : Allen and Unwin, 1962
Subjects:

MARC

Tag First Indicator Second Indicator Subfields
LEADER 00000cam a2200000 i 4500
001 in00003439521
005 20151206103212.0
008 770916c19621961enk b 00110 eng d
035 |a (OCoLC)ocm03268241 
040 |a PRW  |c PRW  |d m.c.  |d TNY  |d UtOrBLW 
090 |a HF1408  |b .B2 1962 
100 1 |a Balassa, Bela A. 
245 1 4 |a The theory of economic integration /  |c by Bela Balassa. 
264 1 |a London :  |b Allen and Unwin,  |c 1962 
264 4 |c ©1961 
300 |a iii-xiii, 304 pages ;  |c 22 cm. 
336 |a text  |b txt  |2 rdacontent 
337 |a unmediated  |b n  |2 rdamedia 
338 |a volume  |b nc  |2 rdacarrier 
504 |a Bibliography: pages 274-289. 
500 |a Includes index. 
650 0 |a International economic integration. 
999 |a MARS 
999 f f |s 04eb55a8-b054-3899-865a-93eb02adebef  |i 951d0bbd-7c68-3fc8-b680-0325629fd320  |t 0 
952 f f |p ric  |a Texas A&M University  |b Rellis Campus  |c Joint Library Facility  |d Remote Storage  |t 0  |e HF1408 .B2 1962  |h Library of Congress classification  |i unmediated -- volume  |m 32060002282164 
998 f f |a HF1408 .B2 1962  |t 0  |l Remote Storage